| 000 | 00000nam##2200000za#4500 |
| 001 | 9.569544 |
| 003 | CaOODSP |
| 005 | 20210624181822 |
| 007 | cr ||||||||||| |
| 008 | 150406|1998||||xxc|||||o f|0| 0 eng|d |
| 040 | |aCaOODSP|beng |
| 043 | |an-cn--- |
| 086 | 1 |aNH15-214/1998E-PDF |
| 110 | 2 |aCanada Mortgage and Housing Corporation. |
| 245 | 10|aCrawl spaces : |h[electronic resource]|bhow to avoid moisture and soil gas problems |
| 260 | |aOttawa - Ontario : |bCanada Mortgage and Housing Corporation |c1998. |
| 300 | |a17p.|bfigs., references |
| 490 | 1 |aResearch report |
| 500 | |aThe catalogue number (NH15-214/1998E) and ISBN (0-660-17516-9) for the print edition have been incorrectly copied in this electronic publication. |
| 590 | |a11-06-Supp|b2011-04-14 |
| 775 | 08|tComment éviter les problèmes d'humidité et de gaz souterrains dans les vides sanitaires |w(CaOODSP)9.600640 |
| 830 | #0|aResearch report (Canada Mortgage and Housing Corporation : Online)|w(CaOODSP)9.506068 |
| 856 | 40|ahttp://publications.gc.ca|qPDF|s287 KB|uhttps://publications.gc.ca/collections/collection_2011/schl-cmhc/nh18-1/NH15-214-1998-eng.pdf |